[Event "17PCR_ZK13"]
[Site "?"]
[Date "2007.??.??"]
[Round "?"]
[White "Batka, Josef"]
[Black "Bultman, Milan"]
[Result "1/2-1/2"]
[WhiteElo "2285"]
[BlackElo "2099"]
[PlyCount "53"]
[EventDate "2007.??.??"]
[EventType "corr"]
[EventRounds "2"]
[SourceDate "2007.06.28"]

1. e4 c5 2. c3 Nf6 3. e5 Nd5 4. d4 cxd4 5. Nf3 Nc6 6. Bc4 Nb6 7. Bb3 g6 8. O-O
Bg7 9. Bf4 O-O 10. Re1 d6 11. exd6 exd6 12. Bg5 Qd7 13. cxd4 Qf5 14. Qd2 Qa5
15. Nc3 Bg4 16. d5 Bxf3 17. dxc6 Bxc6 18. Be7 Rfe8 19. Bxd6 Ba4 20. Qc2 Bxb3
21. Qxb3 Nd5 22. Qxd5 Bxc3 23. Qxa5 Bxa5 24. b4 Bb6 25. Kf1 a5 26. bxa5 Bxa5
27. Rxe8+ 1/2-1/2

[Event "17PCR_ZK13"]
[Site "?"]
[Date "2007.??.??"]
[Round "?"]
[White "Batka, Josef"]
[Black "Dirgas, Josef"]
[Result "1/2-1/2"]
[WhiteElo "2285"]
[BlackElo "2000"]
[PlyCount "60"]
[EventDate "2007.??.??"]
[EventType "corr"]
[EventRounds "2"]
[SourceDate "2007.06.28"]

1. e4 e5 2. Nc3 Nf6 3. Bc4 Nc6 4. d3 Na5 5. Nge2 Nxc4 6. dxc4 c6 7. O-O d6 8.
Qd3 Be6 9. b3 Be7 10. f4 Qc7 11. f5 Bd7 12. a4 h6 13. Bd2 a5 14. h3 O-O-O 15.
Rad1 g5 16. Be3 Rdg8 17. g3 Rd8 18. Nc1 Be8 19. Qe2 Nd7 20. Nd3 f6 21. Kf2 h5
22. Ke1 Bf7 23. Kd2 h4 24. g4 Nc5 25. Kc1 b6 26. Kb2 Kb7 27. Rd2 Na6 28. Rfd1
Nb8 29. Qg2 Rd7 30. Qf3 Re8 1/2-1/2

[Event "17PCR_ZK13"]
[Site "?"]
[Date "2007.??.??"]
[Round "?"]
[White "Batka, Josef"]
[Black "Hrdy, Tomas"]
[Result "1/2-1/2"]
[WhiteElo "2285"]
[BlackElo "1600"]
[PlyCount "69"]
[EventDate "2007.??.??"]
[EventType "corr"]
[EventRounds "2"]
[SourceDate "2007.06.28"]

1. e4 e5 2. Nc3 Nf6 3. Bc4 Nc6 4. d3 Na5 5. Nge2 Nxc4 6. dxc4 Bc5 7. O-O d6 8.
Qd3 c6 9. Na4 O-O 10. Bg5 h6 11. Bh4 Bb4 12. Rad1 Qe7 13. Bxf6 Qxf6 14. c3 Ba5
15. Qxd6 Qxd6 16. Rxd6 Bg4 17. f3 Be6 18. b3 Bc7 19. Rd2 Rfd8 20. Rfd1 Rxd2 21.
Rxd2 b5 22. Nb2 a5 23. cxb5 cxb5 24. Kf1 a4 25. bxa4 bxa4 26. Nd3 a3 27. Nb4
Rb8 28. Ke1 Bc4 29. Nc1 Ba5 30. Ncd3 f6 31. h4 Rc8 32. Rd1 Kf8 33. Kd2 g6 34.
Kc2 Kf7 35. g3 1/2-1/2

[Event "17PCR_ZK13"]
[Site "?"]
[Date "2007.??.??"]
[Round "?"]
[White "Batka, Josef"]
[Black "Klimecky, Tomas"]
[Result "1-0"]
[WhiteElo "2285"]
[BlackElo "1744"]
[PlyCount "31"]
[EventDate "2007.??.??"]
[EventType "corr"]
[EventRounds "2"]
[SourceDate "2007.06.28"]

1. e4 c6 2. c4 d5 3. exd5 cxd5 4. cxd5 Nf6 5. Qa4+ Nbd7 6. Nc3 g6 7. Nf3 Bg7 8.
Qb3 O-O 9. Bc4 Nc5 10. Qa3 Ncd7 11. d3 Nb6 12. Qb3 Bg4 13. Be3 Bxf3 14. gxf3
Nfd7 15. Ke2 Qc8 16. Bb5 1-0

[Event "17PCR_ZK13"]
[Site "?"]
[Date "2007.??.??"]
[Round "?"]
[White "Batka, Josef"]
[Black "Rotter, Walter"]
[Result "1-0"]
[WhiteElo "2285"]
[BlackElo "1948"]
[PlyCount "45"]
[EventDate "2007.??.??"]
[EventType "corr"]
[EventRounds "2"]
[SourceDate "2007.06.28"]

1. e4 e5 2. Nc3 Nf6 3. Bc4 Nxe4 4. Qh5 Nd6 5. Bb3 Be7 6. Nf3 Nc6 7. Nxe5 Nxe5
8. Qxe5 O-O 9. O-O Bf6 10. Qf4 Re8 11. d4 b6 12. Be3 h6 13. Qg4 Bb7 14. Bxh6
Bxd4 15. Qxd4 gxh6 16. h4 Qe7 17. Rae1 Qf8 18. Qd3 Qg7 19. Bd5 c6 20. Bb3 c5
21. Bd5 c4 22. Qf3 Bxd5 23. Nxd5 1-0

[Event "17PCR_ZK13"]
[Site "?"]
[Date "2007.??.??"]
[Round "?"]
[White "Batka, Josef"]
[Black "Skalicky, Frantisek"]
[Result "0-1"]
[WhiteElo "2285"]
[BlackElo "2223"]
[PlyCount "94"]
[EventDate "2007.??.??"]
[EventType "corr"]
[EventRounds "2"]
[SourceDate "2007.06.28"]

1. e4 e5 2. Nc3 Nf6 3. Bc4 Nc6 4. d3 Bb4 5. Nf3 d5 6. exd5 Nxd5 7. O-O Bxc3 8.
bxc3 Bg4 9. Bd2 O-O 10. h3 Bh5 11. Re1 Re8 12. Rb1 a6 13. g4 Bg6 14. Bb3 Rb8
15. c4 Nb6 16. c5 Nd7 17. Bg5 Qc8 18. Bd5 e4 19. Bxe4 Bxe4 20. Rxe4 Rxe4 21.
dxe4 Nxc5 22. Qd5 Ne6 23. e5 Qe8 24. Be3 Rd8 25. Qe4 b6 26. Rb3 Rd1+ 27. Kg2
Ne7 28. Ra3 a5 29. Rd3 Rb1 30. Ng5 Nf8 31. a3 h6 32. Nf3 Ne6 33. Kg3 Ng6 34. h4
Qb5 35. h5 Ngf8 36. Qd5 Qa4 37. Rc3 Ra1 38. Qd3 c5 39. Qd6 Rxa3 40. Rxa3 Qxa3
41. Qxb6 a4 42. Qb1 Nd4 43. Bxd4 cxd4 44. Kg2 Qc5 45. Qa1 a3 46. Nxd4 a2 47. c3
Qc4 0-1

[Event "17PCR_ZK13"]
[Site "?"]
[Date "2007.??.??"]
[Round "?"]
[White "Bultman, Milan"]
[Black "Batka, Josef"]
[Result "1/2-1/2"]
[WhiteElo "2099"]
[BlackElo "2285"]
[PlyCount "61"]
[EventDate "2007.??.??"]
[EventType "corr"]
[EventRounds "2"]
[SourceDate "2007.06.28"]

1. d4 Nf6 2. c4 e6 3. Nf3 d5 4. Nc3 Bb4 5. cxd5 exd5 6. Bg5 Nbd7 7. Qc2 O-O 8.
e3 c5 9. Be2 Qa5 10. O-O Bxc3 11. bxc3 Ne4 12. c4 cxd4 13. exd4 Nxg5 14. Nxg5
Nf6 15. c5 Bd7 16. Bd3 g6 17. Nf3 Bc6 18. Rab1 Rfe8 19. Ne5 Re7 20. f4 Ne4 21.
Bxe4 dxe4 22. f5 e3 23. fxg6 hxg6 24. Rf6 Bd5 25. Rd6 Qxa2 26. Qxa2 Bxa2 27.
Re1 a5 28. Rxe3 a4 29. Ra3 Bb3 30. Nd7 Kg7 31. Nb6 1/2-1/2

[Event "17PCR_ZK13"]
[Site "?"]
[Date "2007.??.??"]
[Round "?"]
[White "Bultman, Milan"]
[Black "Dirgas, Josef"]
[Result "1/2-1/2"]
[WhiteElo "2099"]
[BlackElo "2000"]
[PlyCount "97"]
[EventDate "2007.??.??"]
[EventType "corr"]
[EventRounds "2"]
[SourceDate "2007.06.28"]

1. d4 d5 2. Nf3 Nf6 3. c4 e6 4. Nc3 c6 5. e3 Nbd7 6. Bd3 dxc4 7. Bxc4 b5 8. Bd3
Bb7 9. O-O a6 10. e4 c5 11. d5 Qc7 12. dxe6 fxe6 13. Bc2 c4 14. Ng5 Nc5 15. e5
Qxe5 16. Re1 Qd6 17. Qxd6 Bxd6 18. Be3 O-O 19. Rad1 Be7 20. Bxc5 Bxc5 21. Nxe6
Rfc8 22. h3 Rab8 23. Nxc5 Rxc5 24. b4 Rg5 25. g3 Rh5 26. h4 Bf3 27. Rd4 Ng4 28.
Bd1 Re5 29. Rf1 Bxd1 30. Rfxd1 h5 31. a4 bxa4 32. Rxc4 Rf5 33. Ra1 Nxf2 34.
Rxa4 Ng4 35. Rf4 Rxf4 36. gxf4 Kf7 37. Ne4 Rb6 38. Nc5 Ne3 39. Nxa6 Nf5 40. Kf2
Nxh4 41. Nc7 Rb7 42. Na6 Nf5 43. Nc5 Rb6 44. Kf3 Nd4+ 45. Ke4 Nc6 46. Nd3 g6
47. Kd5 Ne7+ 48. Kc4 Rc6+ 49. Nc5 1/2-1/2

[Event "17PCR_ZK13"]
[Site "?"]
[Date "2007.??.??"]
[Round "1"]
[White "Bultman, Milan"]
[Black "Hrdy, Tomas"]
[Result "0-1"]
[WhiteElo "2099"]
[BlackElo "1600"]
[PlyCount "91"]
[EventDate "2007.??.??"]
[EventType "corr"]
[EventRounds "2"]
[SourceDate "2007.06.28"]

1. d4 d5 2. Nf3 Nf6 3. c4 c6 4. Nc3 e6 5. e3 Nbd7 6. Bd3 dxc4 7. Bxc4 b5 8. a3
bxc4 9. Qe2 c5 10. Qxc4 a5 11. Nb5 Nb6 12. Qc2 Ba6 13. a4 Rc8 14. Qd3 Nxa4 15.
Nc7+ Qxc7 16. Qxa6 cxd4 17. O-O Nc5 18. Qb5+ Qd7 19. Rxa5 Qxb5 20. Rxb5 d3 21.
Bd2 Be7 22. Rd1 O-O 23. Bb4 Nfe4 24. Nd4 Rfd8 25. Kf1 Bf8 26. f3 Nf6 27. Bxc5
Rxc5 28. Rb3 e5 29. Nf5 g6 30. Ng3 Rcd5 31. e4 Rd4 32. Nh1 d2 33. Nf2 Nd7 34.
Rb5 f6 35. Ke2 Nc5 36. Ng4 Kf7 37. Ne3 Nd3 38. Rb7+ Ke8 39. Nd5 R8xd5 40. exd5
Bb4 41. Rxb4 Nxb4 42. Rxd2 Kd7 43. Ke1 Rxd2 44. Kxd2 Nxd5 45. Ke1 Ke6 46. Kd2
0-1

[Event "17PCR_ZK13"]
[Site "?"]
[Date "2007.??.??"]
[Round "?"]
[White "Bultman, Milan"]
[Black "Klimecky, Tomas"]
[Result "1-0"]
[WhiteElo "2099"]
[BlackElo "1744"]
[PlyCount "25"]
[EventDate "2007.??.??"]
[EventType "corr"]
[EventRounds "2"]
[SourceDate "2007.06.28"]

1. d4 c6 2. e4 d5 3. Nc3 dxe4 4. Nxe4 Bf5 5. Ng3 Bg6 6. Nf3 Nd7 7. h4 h6 8. h5
Bh7 9. Bd3 Bxd3 10. Qxd3 e6 11. Bf4 Qa5+ 12. Bd2 Qc7 13. O-O-O 1-0

[Event "17PCR_ZK13"]
[Site "?"]
[Date "2007.??.??"]
[Round "?"]
[White "Bultman, Milan"]
[Black "Rotter, Walter"]
[Result "1-0"]
[WhiteElo "2099"]
[BlackElo "1948"]
[PlyCount "87"]
[EventDate "2007.??.??"]
[EventType "corr"]
[EventRounds "2"]
[SourceDate "2007.06.28"]

1. d4 Nf6 2. Nf3 e6 3. c4 d5 4. Nc3 c6 5. e3 a6 6. Bd3 dxc4 7. Bxc4 b5 8. Be2
c5 9. O-O Nbd7 10. e4 cxd4 11. Qxd4 Bc5 12. Qd3 Qc7 13. Be3 O-O 14. Rac1 Bb7
15. Bxc5 Qxc5 16. Nd5 Bxd5 17. Rxc5 Nxc5 18. Qa3 Ncxe4 19. Ne5 Rfd8 20. Qe7 Nd6
21. Rd1 Nfe4 22. Bh5 g6 23. Bf3 Re8 24. Qh4 Kg7 25. Bxe4 Nxe4 26. Qf4 Nf6 27.
g4 Re7 28. g5 Nh5 29. Qe3 Rc7 30. Nxg6 Kxg6 31. Rxd5 Rac8 32. Qe4+ Kg7 33. Rd4
Rc5 34. h4 Rf5 35. Qe2 Rc1+ 36. Kh2 Kg6 37. Rd8 f6 38. Qe4 Rf1 39. Rd2 Nf4 40.
gxf6 Kxf6 41. Qd4+ Kg6 42. Qe3 Kf6 43. Rd6 a5 44. f3 1-0

[Event "17PCR_ZK13"]
[Site "?"]
[Date "2007.??.??"]
[Round "?"]
[White "Bultman, Milan"]
[Black "Skalicky, Frantisek"]
[Result "1/2-1/2"]
[WhiteElo "2099"]
[BlackElo "2223"]
[PlyCount "85"]
[EventDate "2007.??.??"]
[EventType "corr"]
[EventRounds "2"]
[SourceDate "2007.06.28"]

1. d4 d5 2. Nf3 Nf6 3. c4 e6 4. Nc3 c6 5. e3 Nbd7 6. Bd3 dxc4 7. Bxc4 b5 8. Be2
Bb7 9. O-O a6 10. e4 c5 11. e5 Nd5 12. a4 b4 13. Ne4 Qc7 14. Re1 h6 15. Bc4 Be7
16. dxc5 Nxc5 17. Bxd5 Bxd5 18. Nd6+ Kf8 19. Bf4 g5 20. Bg3 h5 21. Rc1 h4 22.
Qd4 hxg3 23. Rxc5 gxf2+ 24. Qxf2 Qd7 25. Nh4 Bxd6 26. exd6 Qxd6 27. Ng6+ Kg7
28. Nxh8 Rxh8 29. Qd4+ f6 30. g3 Rd8 31. Rf1 e5 32. Qf2 Bf3 33. Rc4 g4 34. a5
e4 35. Re1 Kg6 36. b3 Qe5 37. Rc5 Qe7 38. Rc2 Rd3 39. Qb6 Rc3 40. Rxc3 bxc3 41.
Qc6 Qb4 42. Qe8+ Kg7 43. Qd7+ 1/2-1/2

[Event "17PCR_ZK13"]
[Site "?"]
[Date "2007.??.??"]
[Round "?"]
[White "Dirgas, Josef"]
[Black "Batka, Josef"]
[Result "1/2-1/2"]
[WhiteElo "2000"]
[BlackElo "2285"]
[PlyCount "75"]
[EventDate "2007.??.??"]
[EventType "corr"]
[EventRounds "2"]
[SourceDate "2007.06.28"]

1. e4 c5 2. Nf3 Nc6 3. Nc3 Nf6 4. d4 cxd4 5. Nxd4 e5 6. Ndb5 d6 7. Bg5 a6 8.
Na3 b5 9. Bxf6 gxf6 10. Nd5 f5 11. Bd3 Be6 12. O-O Bxd5 13. exd5 Ne7 14. c3 Bg7
15. Nc2 e4 16. Be2 O-O 17. a4 bxa4 18. Rxa4 Qb6 19. Ra2 Rfb8 20. Qd2 Qb3 21.
Rfa1 Qxd5 22. Qxd5 Nxd5 23. Rd1 Nc7 24. Ne3 f4 25. Nf5 Be5 26. Nxd6 Bxd6 27.
Rxd6 Rd8 28. Rxd8+ Rxd8 29. Ra4 Rd2 30. Rxe4 Rxb2 31. Bf1 Rc2 32. Rxf4 Rxc3 33.
Rc4 Rxc4 34. Bxc4 Kf8 35. Kf1 Ke7 36. Ke2 f6 37. Ke3 Kd6 38. Bd3 1/2-1/2

[Event "17PCR_ZK13"]
[Site "?"]
[Date "2007.??.??"]
[Round "?"]
[White "Dirgas, Josef"]
[Black "Bultman, Milan"]
[Result "1/2-1/2"]
[WhiteElo "2000"]
[BlackElo "2099"]
[PlyCount "101"]
[EventDate "2007.??.??"]
[EventType "corr"]
[EventRounds "2"]
[SourceDate "2007.06.28"]

1. e4 c5 2. Nf3 d6 3. d4 cxd4 4. Nxd4 Nf6 5. Nc3 g6 6. Be3 Bg7 7. f3 O-O 8. Qd2
Nc6 9. O-O-O d5 10. exd5 Nxd5 11. Nxc6 bxc6 12. Nxd5 cxd5 13. Qxd5 Qc7 14. Qc5
Qb7 15. Qa3 Bf5 16. Ba6 Qc6 17. Bd3 Rfc8 18. Bxf5 gxf5 19. c3 a5 20. Rhe1 a4
21. Bc5 e5 22. Kc2 e4 23. fxe4 fxe4 24. Re3 Ra5 25. Bd4 Rg5 26. Bxg7 Rxg2+ 27.
Rd2 Rxg7 28. Qe7 f5 29. Qe5 Rf8 30. Rg3 Qf6 31. Qc5 Rxg3 32. hxg3 a3 33. bxa3
Re8 34. Rd6 Qf7 35. Qd5 e3 36. Kd1 Qxd5+ 37. Rxd5 e2+ 38. Ke1 Re3 39. c4 Rxg3
40. Rxf5 Rxa3 41. Kxe2 Rxa2+ 42. Kd3 Ra1 43. c5 Rc1 44. Kd4 Kg7 45. Kd5 Kg6 46.
Rf4 Rd1+ 47. Ke6 Rc1 48. Kd6 Rd1+ 49. Kc7 Rc1 50. c6 h5 51. Kb7 1/2-1/2

[Event "17PCR_ZK13"]
[Site "?"]
[Date "2007.??.??"]
[Round "?"]
[White "Dirgas, Josef"]
[Black "Hrdy, Tomas"]
[Result "1-0"]
[WhiteElo "2000"]
[BlackElo "1600"]
[PlyCount "87"]
[EventDate "2007.??.??"]
[EventType "corr"]
[EventRounds "2"]
[SourceDate "2007.06.28"]

1. e4 e5 2. Nf3 Nc6 3. Bb5 a6 4. Ba4 Nf6 5. O-O b5 6. Bb3 Bb7 7. d3 Be7 8. Nc3
O-O 9. Bd2 d6 10. a4 Na5 11. Ba2 b4 12. Nd5 Nxd5 13. exd5 c5 14. c3 bxc3 15.
Bxc3 Bc8 16. Qd2 Nb7 17. h3 a5 18. Bc4 Bd7 19. Qc2 Qb6 20. Nd2 Bg5 21. Ra3 Rab8
22. Rb3 Qc7 23. Bb5 f5 24. Nc4 f4 25. f3 Bxb5 26. Rxb5 Ra8 27. Qb3 Rfb8 28. Ra1
Kh8 29. Rb6 Bd8 30. Qb5 Qe7 31. Ra6 Rxa6 32. Qxa6 Bc7 33. Ra3 Nd8 34. Bxa5 Bxa5
35. Qxa5 Nf7 36. Qc3 Nh6 37. a5 Nf5 38. Rb3 Ra8 39. a6 Nh4 40. Qe1 Qg5 41. Qe2
Qd8 42. Rb7 Nf5 43. Nxe5 dxe5 44. Qxe5 1-0

[Event "17PCR_ZK13"]
[Site "?"]
[Date "2007.??.??"]
[Round "?"]
[White "Dirgas, Josef"]
[Black "Klimecky, Tomas"]
[Result "1-0"]
[WhiteElo "2000"]
[BlackElo "1744"]
[PlyCount "29"]
[EventDate "2007.??.??"]
[EventType "corr"]
[EventRounds "2"]
[SourceDate "2007.06.28"]

1. e4 c6 2. Nf3 d5 3. e5 Bg4 4. Be2 e6 5. O-O c5 6. c4 Nc6 7. cxd5 Qxd5 8. Qa4
Bf5 9. Nc3 Qd7 10. d4 cxd4 11. Rd1 d3 12. Ne1 Nxe5 13. Nb5 Nf6 14. Nxd3 Nxd3
15. Nc7+ 1-0

[Event "17PCR_ZK13"]
[Site "?"]
[Date "2007.??.??"]
[Round "?"]
[White "Dirgas, Josef"]
[Black "Rotter, Walter"]
[Result "1-0"]
[WhiteElo "2000"]
[BlackElo "1948"]
[PlyCount "91"]
[EventDate "2007.??.??"]
[EventType "corr"]
[EventRounds "2"]
[SourceDate "2007.06.28"]

1. e4 e5 2. Nf3 Nc6 3. Bb5 a6 4. Ba4 Nf6 5. O-O Be7 6. Re1 b5 7. Bb3 d6 8. c3
O-O 9. h3 Na5 10. Bc2 c5 11. d4 Qc7 12. Nbd2 cxd4 13. cxd4 Nc6 14. Nb3 a5 15.
Be3 a4 16. Nbd2 Bd7 17. Rc1 Rac8 18. Bd3 Qb8 19. Qe2 Nb4 20. Bb1 Rxc1 21. Rxc1
Rc8 22. Rxc8+ Bxc8 23. Nf1 Bd8 24. Ng3 Bd7 25. Nf5 Bxf5 26. exf5 Nbd5 27. Bd2
Bc7 28. Bd3 b4 29. Bc4 h6 30. g4 a3 31. bxa3 bxa3 32. Bb3 e4 33. Bxd5 Qb1+ 34.
Qf1 Qxf1+ 35. Kxf1 Nxd5 36. Ne1 h5 37. gxh5 Ne7 38. f6 Nf5 39. d5 gxf6 40. Nc2
Ne7 41. Nxa3 Bb6 42. Nb5 Bc5 43. a4 Nxd5 44. a5 Ne7 45. a6 Nc6 46. Be3 1-0

[Event "17PCR_ZK13"]
[Site "?"]
[Date "2007.??.??"]
[Round "?"]
[White "Dirgas, Josef"]
[Black "Skalicky, Frantisek"]
[Result "1-0"]
[WhiteElo "2000"]
[BlackElo "2223"]
[PlyCount "77"]
[EventDate "2007.??.??"]
[EventType "corr"]
[EventRounds "2"]
[SourceDate "2007.06.28"]

1. e4 e5 2. Nf3 Nc6 3. Bb5 a6 4. Ba4 Nf6 5. O-O Be7 6. Re1 b5 7. Bb3 O-O 8. h3
d6 9. a3 Be6 10. Nc3 Bxb3 11. cxb3 Nd4 12. Nxd4 exd4 13. Ne2 c5 14. d3 Re8 15.
b4 Rc8 16. a4 Nd7 17. Nf4 Nb6 18. axb5 axb5 19. Ra7 Rb8 20. Qg4 Qc8 21. Qg3 Bf8
22. Nh5 Qe6 23. Bg5 Kh8 24. bxc5 dxc5 25. Nf4 Qb3 26. e5 Ra8 27. Rxa8 Nxa8 28.
Qf3 Nc7 29. Qc6 f6 30. Bxf6 Qf7 31. e6 Nxe6 32. Rxe6 Rxe6 33. Nxe6 Qxf6 34. Qc8
Kg8 35. Nxc5 Qe7 36. Ne6 Kf7 37. Qxf8+ Kxe6 38. Qxe7+ Kxe7 39. f4 1-0

[Event "17PCR_ZK13"]
[Site "?"]
[Date "2007.??.??"]
[Round "2"]
[White "Hrdy, Tomas"]
[Black "Batka, Josef"]
[Result "1/2-1/2"]
[WhiteElo "1600"]
[BlackElo "2285"]
[PlyCount "101"]
[EventDate "2007.??.??"]
[EventType "corr"]
[EventRounds "2"]
[SourceDate "2007.06.28"]

1. e4 c5 2. Nf3 Nc6 3. Bb5 e6 4. O-O Nge7 5. c3 a6 6. Ba4 b5 7. Bc2 Bb7 8. Qe2
d5 9. e5 d4 10. Be4 Ng6 11. cxd4 cxd4 12. d3 Be7 13. Nbd2 O-O 14. Nb3 a5 15.
Bd2 a4 16. Nbxd4 Nxd4 17. Nxd4 Qxd4 18. Bxb7 Rab8 19. Bc3 Qc5 20. Be4 b4 21.
Bd2 Qxe5 22. b3 Rfc8 23. bxa4 Rc2 24. Qd1 Rbc8 25. Re1 Bd6 26. g3 Qb2 27. Be3
f5 28. Bb7 R8c7 29. Bg2 f4 30. gxf4 Bxf4 31. Qg4 Qf6 32. Rf1 Bd6 33. Kh1 Ne7
34. Bb6 Rc8 35. Rfe1 Ng6 36. Be3 Nf4 37. Bxf4 Bxf4 38. Qxe6+ Qxe6 39. Rxe6 Rxf2
40. a5 Rc5 41. a6 Ra5 42. Rf1 Rxf1+ 43. Bxf1 Rxa2 44. d4 Kf8 45. Bc4 Ra3 46. d5
b3 47. Rb6 Be3 48. Rb7 b2 49. Rxb2 Ke7 50. Rb8 Bd4 51. Kg2 1/2-1/2

[Event "17PCR_ZK13"]
[Site "?"]
[Date "2007.??.??"]
[Round "2"]
[White "Hrdy, Tomas"]
[Black "Bultman, Milan"]
[Result "1/2-1/2"]
[WhiteElo "1600"]
[BlackElo "2099"]
[PlyCount "94"]
[EventDate "2007.??.??"]
[EventType "corr"]
[EventRounds "2"]
[SourceDate "2007.06.28"]

1. e4 c5 2. Nf3 d6 3. d4 cxd4 4. Nxd4 Nf6 5. Nc3 e6 6. Be2 Be7 7. O-O O-O 8. f4
a6 9. Be3 Qc7 10. Qe1 b5 11. Bf3 Bb7 12. e5 dxe5 13. fxe5 Nfd7 14. Qg3 Bxf3 15.
Qxf3 Nb6 16. Kh1 N8d7 17. Bf4 Bc5 18. Nb3 Bb4 19. Ne4 Nd5 20. Bg3 Qxc2 21. Rf2
Qc8 22. Ng5 Be7 23. Nxf7 N7b6 24. Raf1 Qd7 25. Qe4 Nc4 26. Nd4 Nce3 27. Re1
Rae8 28. Nd6 Bxd6 29. exd6 Rxf2 30. Bxf2 Nc4 31. Bg3 Nxd6 32. Qf3 Nf7 33. Rd1
h6 34. h4 Rd8 35. Re1 e5 36. Bxe5 Nxe5 37. Rxe5 Nf6 38. Qb3+ Kh8 39. Nf3 Rc8
40. Re1 Rc4 41. Qa3 Qc8 42. Qd3 Rc1 43. b3 Rxe1+ 44. Nxe1 Qc1 45. Qd8+ Kh7 46.
Qd3+ Kg8 47. Qe2 a5 1/2-1/2

[Event "17PCR_ZK13"]
[Site "?"]
[Date "2007.??.??"]
[Round "?"]
[White "Hrdy, Tomas"]
[Black "Dirgas, Josef"]
[Result "0-1"]
[WhiteElo "1600"]
[BlackElo "2000"]
[PlyCount "88"]
[EventDate "2007.??.??"]
[EventType "corr"]
[EventRounds "2"]
[SourceDate "2007.06.28"]

1. e4 e5 2. Nf3 Nc6 3. Bb5 a6 4. Ba4 Nf6 5. O-O Be7 6. Re1 b5 7. Bb3 d6 8. c3
O-O 9. h3 Na5 10. Bc2 c5 11. d4 Qc7 12. Nbd2 Re8 13. Nf1 exd4 14. cxd4 cxd4 15.
Nxd4 Bb7 16. Bf4 g6 17. Rc1 Qb6 18. Nf3 Nc4 19. b3 Ne5 20. a4 Nxf3+ 21. Qxf3 d5
22. e5 d4 23. a5 Qa7 24. Qg3 Nh5 25. Qg4 Bc8 26. Qf3 Nxf4 27. Qxf4 Be6 28. Nd2
Rac8 29. Ne4 Qb8 30. b4 Bd5 31. Bd3 Bxe4 32. Bxe4 Red8 33. Rxc8 Qxc8 34. Rc1
Qd7 35. Rd1 Qe6 36. Bb7 d3 37. Qe3 Qb3 38. Bf3 Qxb4 39. Qb6 d2 40. Qxa6 Bc5 41.
e6 Qd4 42. Kh1 b4 43. Qe2 fxe6 44. Qxe6+ Kf8 0-1

[Event "17PCR_ZK13"]
[Site "?"]
[Date "2007.??.??"]
[Round "2"]
[White "Hrdy, Tomas"]
[Black "Klimecky, Tomas"]
[Result "1-0"]
[WhiteElo "1600"]
[BlackElo "1744"]
[PlyCount "27"]
[EventDate "2007.??.??"]
[EventType "corr"]
[EventRounds "2"]
[SourceDate "2007.06.28"]

1. e4 c6 2. d4 d5 3. e5 Bf5 4. Nf3 e6 5. Be2 Nd7 6. O-O Ne7 7. Nh4 Bg6 8. Nd2
c5 9. c3 cxd4 10. cxd4 Nf5 11. Nxg6 hxg6 12. Nf3 Be7 13. Bd2 Nh4 14. Nxh4 1-0

[Event "17PCR_ZK13"]
[Site "?"]
[Date "2007.??.??"]
[Round "2"]
[White "Hrdy, Tomas"]
[Black "Rotter, Walter"]
[Result "1/2-1/2"]
[WhiteElo "1600"]
[BlackElo "1948"]
[PlyCount "67"]
[EventDate "2007.??.??"]
[EventType "corr"]
[EventRounds "2"]
[SourceDate "2007.06.28"]

1. e4 e5 2. Nf3 Nf6 3. Nxe5 d6 4. Nf3 Nxe4 5. d4 Bg4 6. Bd3 Nf6 7. O-O Be7 8.
Re1 O-O 9. Nbd2 Re8 10. Nf1 Bf8 11. Rxe8 Qxe8 12. Bg5 Nbd7 13. Ne3 Bh5 14. c4
h6 15. Bf4 c6 16. h3 Ne5 17. Be2 Ned7 18. Qb3 Qe4 19. Bg3 Nb6 20. a4 c5 21. d5
Nbd7 22. Bd3 Qe8 23. Nh4 b6 24. Bh2 Ne5 25. Bc2 Qd8 26. Re1 Nh7 27. Nhf5 Bg6
28. Bg3 Nf6 29. Bh4 Bxf5 30. Bxf5 Be7 31. Bg3 g6 32. Bc2 Ned7 33. Bd3 Nh5 34.
Bh2 1/2-1/2

[Event "17PCR_ZK13"]
[Site "?"]
[Date "2007.??.??"]
[Round "2"]
[White "Hrdy, Tomas"]
[Black "Skalicky, Frantisek"]
[Result "1/2-1/2"]
[WhiteElo "1600"]
[BlackElo "2223"]
[PlyCount "89"]
[EventDate "2007.??.??"]
[EventType "corr"]
[EventRounds "2"]
[SourceDate "2007.06.28"]

1. e4 e5 2. Nf3 Nf6 3. Nxe5 d6 4. Nf3 Nxe4 5. d4 d5 6. Bd3 Be7 7. O-O Nc6 8. c4
Nb4 9. Be2 dxc4 10. Nc3 Bf5 11. Bxc4 O-O 12. Ne5 Nd6 13. Bb3 c6 14. a3 Na6 15.
Re1 Nc7 16. d5 cxd5 17. Nxd5 Nxd5 18. Bxd5 Bf6 19. Bf4 Qb6 20. g4 Be6 21. Bxe6
Bxe5 22. Bxe5 fxe6 23. Bd4 Qb5 24. Bxg7 Kxg7 25. Qd4+ Kg8 26. Qxd6 Qxb2 27.
Qxe6+ Rf7 28. Ra2 Qf6 29. Qxf6 Rxf6 30. Rb2 b6 31. Re4 Raf8 32. Kg2 R8f7 33. h3
a6 34. a4 a5 35. Rbe2 Kg7 36. Rc2 h5 37. gxh5 Kh6 38. Rb2 Kxh5 39. Rb5+ Rf5 40.
Ree5 Rxe5 41. Rxe5+ Kh4 42. Re4+ Kh5 43. Kg3 Rg7+ 44. Rg4 Rc7 45. Rh4+ 1/2-1/2

[Event "17PCR_ZK13"]
[Site "?"]
[Date "2007.??.??"]
[Round "?"]
[White "Klimecky, Tomas"]
[Black "Batka, Josef"]
[Result "0-1"]
[WhiteElo "1744"]
[BlackElo "2285"]
[PlyCount "38"]
[EventDate "2007.??.??"]
[EventType "corr"]
[EventRounds "2"]
[SourceDate "2007.06.28"]

1. e4 c5 2. Nc3 Nc6 3. g3 g6 4. Bg2 Bg7 5. d3 d6 6. f4 e6 7. Nf3 Nge7 8. O-O
O-O 9. Be3 b6 10. d4 Ba6 11. Re1 Qc7 12. a4 Rfd8 13. Nb5 Bxb5 14. axb5 Nxd4 15.
Nxd4 cxd4 16. Bxd4 e5 17. Bc3 Qc5+ 18. Kh1 Qxb5 19. Qxd6 Rxd6 0-1

[Event "17PCR_ZK13"]
[Site "?"]
[Date "2007.??.??"]
[Round "?"]
[White "Klimecky, Tomas"]
[Black "Bultman, Milan"]
[Result "0-1"]
[WhiteElo "1744"]
[BlackElo "2099"]
[PlyCount "22"]
[EventDate "2007.??.??"]
[EventType "corr"]
[EventRounds "2"]
[SourceDate "2007.06.28"]

1. e4 c5 2. Nc3 Nc6 3. g3 e6 4. Bg2 Nf6 5. f4 d5 6. e5 Ng8 7. Nf3 Nh6 8. O-O
Be7 9. Ne2 O-O 10. c3 b6 11. d3 Bb7 0-1

[Event "17PCR_ZK13"]
[Site "?"]
[Date "2007.??.??"]
[Round "?"]
[White "Klimecky, Tomas"]
[Black "Dirgas, Josef"]
[Result "0-1"]
[WhiteElo "1744"]
[BlackElo "2000"]
[PlyCount "36"]
[EventDate "2007.??.??"]
[EventType "corr"]
[EventRounds "2"]
[SourceDate "2007.06.28"]

1. e4 e5 2. Nf3 Nc6 3. d4 exd4 4. Nxd4 Bc5 5. Nb3 Bb6 6. Nc3 Qf6 7. Qe2 Nge7 8.
Be3 O-O 9. O-O-O d6 10. h4 Re8 11. h5 h6 12. Qf3 Bxe3+ 13. Qxe3 a6 14. Bc4 Rb8
15. Qf3 b5 16. Nd5 Nxd5 17. Bxd5 Nb4 18. Kb1 Nxd5 0-1

[Event "17PCR_ZK13"]
[Site "?"]
[Date "2007.??.??"]
[Round "1"]
[White "Klimecky, Tomas"]
[Black "Hrdy, Tomas"]
[Result "0-1"]
[WhiteElo "1744"]
[BlackElo "1600"]
[PlyCount "36"]
[EventDate "2007.??.??"]
[EventType "corr"]
[EventRounds "2"]
[SourceDate "2007.06.28"]

1. e4 e5 2. Nf3 Nc6 3. d4 exd4 4. Nxd4 Nf6 5. Nxc6 bxc6 6. e5 Qe7 7. Qe2 Nd5 8.
c4 Nb6 9. Nc3 Qe6 10. Qe4 d5 11. exd6 cxd6 12. Bd3 Qxe4+ 13. Bxe4 Bb7 14. b3 d5
15. cxd5 cxd5 16. Bf3 Bb4 17. Bd2 O-O 18. O-O Rad8 0-1

[Event "17PCR_ZK13"]
[Site "?"]
[Date "2007.??.??"]
[Round "?"]
[White "Klimecky, Tomas"]
[Black "Rotter, Walter"]
[Result "0-1"]
[WhiteElo "1744"]
[BlackElo "1948"]
[PlyCount "20"]
[EventDate "2007.??.??"]
[EventType "corr"]
[EventRounds "2"]
[SourceDate "2007.06.28"]

1. e4 e5 2. Nf3 Nc6 3. d4 exd4 4. Nxd4 Bb4+ 5. c3 Be7 6. Nxc6 bxc6 7. Bc4 Nf6
8. e5 Ne4 9. Qf3 d5 10. exd6 Nxd6 0-1

[Event "17PCR_ZK13"]
[Site "?"]
[Date "2007.??.??"]
[Round "?"]
[White "Klimecky, Tomas"]
[Black "Skalicky, Frantisek"]
[Result "0-1"]
[WhiteElo "1744"]
[BlackElo "2223"]
[PlyCount "20"]
[EventDate "2007.??.??"]
[EventType "corr"]
[EventRounds "2"]
[SourceDate "2007.06.28"]

1. e4 e5 2. Nf3 Nc6 3. d4 exd4 4. Nxd4 Nf6 5. Nxc6 bxc6 6. Bc4 Nxe4 7. Nd2 Nxd2
8. Qe2+ Be7 9. Bxd2 O-O 10. O-O d5 0-1